<?xml version="1.0" encoding="UTF-8"?>
<record
    xmlns:xsi="http://www.w3.org/2001/XMLSchema-instance"
    xsi:schemaLocation="http://www.loc.gov/MARC21/slim http://www.loc.gov/standards/marcxml/schema/MARC21slim.xsd"
    xmlns="http://www.loc.gov/MARC21/slim">

  <leader>01167nam a2200289 a 4500</leader>
  <controlfield tag="001">11101</controlfield>
  <controlfield tag="003">BD-RjUL</controlfield>
  <controlfield tag="005">20211208235054.0</controlfield>
  <controlfield tag="008">190304s1966    enk x p       0   a0eng d</controlfield>
  <datafield tag="035" ind1=" " ind2=" ">
    <subfield code="a">(BD-RjUL)11150</subfield>
  </datafield>
  <datafield tag="040" ind1=" " ind2=" ">
    <subfield code="a">BD-RjUL</subfield>
    <subfield code="c">BD-RjUL</subfield>
    <subfield code="b">eng</subfield>
    <subfield code="d">BD-RjUL</subfield>
  </datafield>
  <datafield tag="041" ind1=" " ind2=" ">
    <subfield code="a">eng</subfield>
  </datafield>
  <datafield tag="082" ind1=" " ind2=" ">
    <subfield code="2">23</subfield>
    <subfield code="a">332.63220941</subfield>
    <subfield code="b">REO 1966</subfield>
  </datafield>
  <datafield tag="100" ind1="1" ind2=" ">
    <subfield code="a">Revell, Jack </subfield>
    <subfield code="9">228927</subfield>
  </datafield>
  <datafield tag="245" ind1="0" ind2="2">
    <subfield code="a">The Owners of quoted ordinary shares : </subfield>
    <subfield code="b">a survey for 1963 /</subfield>
    <subfield code="c">[Jack Revell, John Moyle ; ed. by the Department of Applied Economics of the University of Cambridge].</subfield>
  </datafield>
  <datafield tag="260" ind1=" " ind2=" ">
    <subfield code="a">London :</subfield>
    <subfield code="b">Chapman and Hall,</subfield>
    <subfield code="c">1966</subfield>
  </datafield>
  <datafield tag="300" ind1=" " ind2=" ">
    <subfield code="a">XII, 82 p. ; </subfield>
    <subfield code="c">28 cm.</subfield>
  </datafield>
  <datafield tag="490" ind1=" " ind2=" ">
    <subfield code="a">A programme for growth ;</subfield>
    <subfield code="v">no. 7.</subfield>
  </datafield>
  <datafield tag="650" ind1=" " ind2="0">
    <subfield code="a">Economic development</subfield>
    <subfield code="v">Periodicals.</subfield>
    <subfield code="9">228922</subfield>
  </datafield>
  <datafield tag="650" ind1=" " ind2="0">
    <subfield code="a">Economic development</subfield>
    <subfield code="x">Data processing</subfield>
    <subfield code="v">Periodicals.</subfield>
    <subfield code="9">228923</subfield>
  </datafield>
  <datafield tag="650" ind1=" " ind2="0">
    <subfield code="a">Economic development</subfield>
    <subfield code="x">Mathematical models</subfield>
    <subfield code="v">Periodicals.</subfield>
    <subfield code="9">228924</subfield>
  </datafield>
  <datafield tag="700" ind1="1" ind2=" ">
    <subfield code="a"> Moyle, John, jt. auth.</subfield>
    <subfield code="9">228931</subfield>
  </datafield>
  <datafield tag="700" ind1="1" ind2=" ">
    <subfield code="a">Stone, Richard,</subfield>
    <subfield code="d">1913-1991, foreworder</subfield>
    <subfield code="9">228932</subfield>
  </datafield>
  <datafield tag="710" ind1="2" ind2=" ">
    <subfield code="a">University of Cambridge.</subfield>
    <subfield code="b">Department of Applied Economics, ed.</subfield>
    <subfield code="9">228926</subfield>
  </datafield>
  <datafield tag="830" ind1=" " ind2=" ">
    <subfield code="a">A programme for growth ;</subfield>
    <subfield code="v">no. 7.</subfield>
    <subfield code="9">228933</subfield>
  </datafield>
  <datafield tag="942" ind1=" " ind2=" ">
    <subfield code="2">ddc</subfield>
    <subfield code="c">RAR</subfield>
  </datafield>
  <datafield tag="999" ind1=" " ind2=" ">
    <subfield code="c">11101</subfield>
    <subfield code="d">11101</subfield>
  </datafield>
  <datafield tag="952" ind1=" " ind2=" ">
    <subfield code="0">0</subfield>
    <subfield code="1">0</subfield>
    <subfield code="2">ddc</subfield>
    <subfield code="4">0</subfield>
    <subfield code="7">1</subfield>
    <subfield code="8">RARE</subfield>
    <subfield code="a">RUCL</subfield>
    <subfield code="b">RUCL</subfield>
    <subfield code="c">Rare</subfield>
    <subfield code="d">1970-07-02</subfield>
    <subfield code="e">Book View</subfield>
    <subfield code="g">15.75</subfield>
    <subfield code="l">0</subfield>
    <subfield code="o">RA 332.63220941 REO 1966</subfield>
    <subfield code="r">2019-03-04 00:00:00</subfield>
    <subfield code="t">C-1</subfield>
    <subfield code="w">2019-03-04</subfield>
    <subfield code="y">RAR</subfield>
  </datafield>
</record>
